000
00289nam a22001097a 4500
082
_a
954.91 KAB'S
100
_a
KABIR, M
_9
80245
245
_a
A SHORT HISTORY OF PAKISTAN MUSLIM RULE UNDER THE SULTANS
260
_a
KARACHI
_b
UNIVERSITY OF KARACHI
_c
1967
300
_a
BOOK TWO
942
_c
BK
999
_c
585196
_d
585196